[Event "4NCL Division 1b"]
[Site "Hinckley Island ENG"]
[Date "2014.02.15"]
[Round "5.182"]
[White "Ashton, Adam G"]
[Black "Camus de Solliers, Guillaume"]
[Result "1/2-1/2"]
[WhiteElo "2392"]
[BlackElo "2348"]
[PlyCount "32"]
[EventDate "2014.02.15"]
[WhiteTeam "3Cs 1"]
[BlackTeam "Cambridge University 1"]

1. e4 c5 2. c3 d5 3. exd5 Qxd5 4. d4 Nf6 5. Nf3 Bg4 6. Nbd2 Nc6 7. Bc4 Bxf3 8.
Qb3 Na5 9. Qb5+ Qd7 10. Nxf3 Nxc4 11. Qxc4 cxd4 12. Nxd4 e5 13. Nc2 Qd5 14. Ne3
Qxc4 15. Nxc4 Nd7 16. Be3 Rc8 1/2-1/2

[Event "4NCL Division 1b"]
[Site "Hinckley Island ENG"]
[Date "2014.02.15"]
[Round "5.183"]
[White "Bisby, Daniel L"]
[Black "Milliet, Sophie"]
[Result "0-1"]
[WhiteElo "2317"]
[BlackElo "2396"]
[PlyCount "92"]
[EventDate "2014.02.15"]
[WhiteTeam "Cambridge University 1"]
[BlackTeam "3Cs 1"]

1. e4 e5 2. Nf3 Nc6 3. Bc4 Nf6 4. d3 Bc5 5. c3 O-O 6. b4 Be7 7. O-O d5 8. exd5
Nxd5 9. Re1 Bg4 10. h3 Bh5 11. b5 Na5 12. Rxe5 Nf6 13. Nbd2 Bd6 14. Re1 Re8 15.
Rxe8+ Qxe8 16. Bb3 Qxb5 17. Bc2 Qd7 18. Rb1 Re8 19. Ba4 c6 20. Bb2 Nd5 21. Qf1
Nf4 22. d4 Ne2+ 23. Kh1 Bg6 24. Ra1 Bd3 25. Qd1 Nf4 26. Ng1 Qf5 27. Qg4 Qxg4
28. hxg4 Re6 29. g5 h6 30. g3 Ne2 31. gxh6 Nxg1 32. Kxg1 Re2 33. Bc1 Re1+ 34.
Kg2 Nc4 35. Nf3 Be4 36. h7+ Kh8 37. Bc2 Bd5 38. Rb1 g6 39. Bg5 Rxb1 40. Bxb1
Kxh7 41. Bc2 Ba3 42. Bb3 b5 43. Bxc4 bxc4 44. g4 Bd6 45. Bf6 Bf4 46. Bd8 g5 0-1

[Event "4NCL Division 1b"]
[Site "Hinckley Island ENG"]
[Date "2014.02.15"]
[Round "5.184"]
[White "Longson, Alexander"]
[Black "Chevannes, Sabrina L"]
[Result "1-0"]
[WhiteElo "2341"]
[BlackElo "2164"]
[PlyCount "75"]
[EventDate "2014.02.15"]
[WhiteTeam "3Cs 1"]
[BlackTeam "Cambridge University 1"]

1. d4 d5 2. c4 c6 3. Nf3 Nf6 4. Nc3 dxc4 5. a4 Bf5 6. e3 e6 7. Bxc4 h6 8. O-O
Nbd7 9. a5 a6 10. Re1 Qc7 11. e4 Bg4 12. h3 Bxf3 13. Qxf3 e5 14. dxe5 Nxe5 15.
Qe2 Bb4 16. Bb3 Bxa5 17. Kh1 O-O 18. f4 Bxc3 19. bxc3 Ng6 20. e5 Rfe8 21. Qf2
Nd5 22. Qg3 Nge7 23. Bc2 Qc8 24. Qd3 g6 25. g4 Rd8 26. Qf3 Kf8 27. f5 g5 28. h4
f6 29. exf6 Nxf6 30. hxg5 hxg5 31. Bxg5 Kf7 32. Re6 Rh8+ 33. Kg2 Ned5 34. Bxf6
Nxf6 35. Bb3 Nd5 36. Bxd5 cxd5 37. Qxd5 Rd8 38. Rd6+ 1-0

[Event "4NCL Division 1b"]
[Site "Hinckley Island ENG"]
[Date "2014.02.15"]
[Round "5.185"]
[White "McClement, Andrew"]
[Black "Quillan, Gary"]
[Result "1/2-1/2"]
[WhiteElo "2176"]
[BlackElo "2369"]
[PlyCount "101"]
[EventDate "2014.02.15"]
[WhiteTeam "Cambridge University 1"]
[BlackTeam "3Cs 1"]

1. Nf3 Nf6 2. c4 e6 3. g3 c5 4. Bg2 Nc6 5. O-O d5 6. cxd5 exd5 7. d4 cxd4 8.
Nxd4 Be7 9. Nc3 O-O 10. Be3 Be6 11. Nxc6 bxc6 12. Na4 Re8 13. Rc1 Qc8 14. Qc2
Bf5 15. Qd1 Qa6 16. Re1 Bb4 17. Rf1 Rac8 18. a3 Bd6 19. Re1 Ng4 20. Bc5 Bb8 21.
e3 Ne5 22. Bd4 Bg4 23. Nc5 Qa5 24. f3 Bxf3 25. Nb3 Bxd1 26. Nxa5 Bg4 27. Rc3
Bf5 28. b4 Bc7 29. Nxc6 Nxc6 30. Rxc6 Bb6 31. Rxc8 Rxc8 32. Bxd5 Kf8 33. Kf2
Ke7 34. Kf3 f6 35. h4 h5 36. Bxb6 axb6 37. a4 Kd6 38. Bf7 Bg4+ 39. Ke4 Rc7 40.
Bg8 Rc3 41. Ra1 Rc8 42. Bb3 Re8+ 43. Kd4 Rb8 44. Bd5 Bc8 45. a5 bxa5 46. bxa5
Rb4+ 47. Kc3 Rg4 48. Bh1 Ba6 49. Rb1 Kc5 50. Rb6 Bb5 51. Re6 1/2-1/2

[Event "4NCL Division 1b"]
[Site "Hinckley Island ENG"]
[Date "2014.02.15"]
[Round "5.187"]
[White "Spencer, Carl J"]
[Black "House, Glenn L"]
[Result "1/2-1/2"]
[WhiteElo "2203"]
[BlackElo "2207"]
[PlyCount "52"]
[EventDate "2014.02.15"]
[WhiteTeam "Cambridge University 1"]
[BlackTeam "3Cs 1"]

1. e4 c5 2. Nf3 e6 3. c3 d5 4. exd5 exd5 5. d4 Nc6 6. Bb5 Bd6 7. dxc5 Bxc5 8.
O-O Nge7 9. Nbd2 O-O 10. Nb3 Bd6 11. Bg5 Qc7 12. h3 h6 13. Be3 Bf5 14. Nfd4 Be4
15. Bd3 Bxd3 16. Qxd3 Ne5 17. Qc2 Nc4 18. Rfe1 a6 19. Rad1 Rfe8 20. Nf3 Rad8
21. Nbd4 Bc5 22. b3 Nxe3 23. Rxe3 Nc6 24. Red3 Bb6 25. g3 Rc8 26. Qd2 Nxd4
1/2-1/2

[Event "4NCL Division 1b"]
[Site "Hinckley Island ENG"]
[Date "2014.02.15"]
[Round "5.188"]
[White "Walton, Alan J"]
[Black "Churm, Rohan M"]
[Result "1-0"]
[WhiteElo "2079"]
[BlackElo "2178"]
[PlyCount "71"]
[EventDate "2014.02.15"]
[WhiteTeam "3Cs 1"]
[BlackTeam "Cambridge University 1"]

1. d4 d5 2. c4 c6 3. Nf3 Nf6 4. Nc3 e6 5. Bg5 dxc4 6. e4 b5 7. e5 h6 8. Bh4 g5
9. Nxg5 hxg5 10. Bxg5 Nbd7 11. g3 Qb6 12. exf6 c5 13. d5 Bb7 14. Bg2 O-O-O 15.
O-O b4 16. Na4 Qb5 17. a3 Nb8 18. axb4 cxb4 19. Qd4 Nc6 20. Qg4 Rxd5 21. h4 Rd3
22. Rac1 Rd4 23. Qe2 Qxa4 24. Be3 Rd6 25. Qxc4 Rh5 26. Qg4 Qb5 27. Qg8 Rd8 28.
Qxf7 Re5 29. Bf4 Bd6 30. Bxe5 Bxe5 31. Qxe6+ Kc7 32. Bxc6 Bxc6 33. Rxc6+ Qxc6
34. Qxe5+ Kb7 35. f7 Qd7 36. Qe4+ 1-0